Greenland Provinces Map Quiz - Statistics

General Stats
  • This quiz has been taken 275 times
  • The average score is 3 of 6
Answers on the Map
Answers color-coded by a green-red scale on the quiz's map according to % correct below.
 
Answer Stats
Answer % Correct
Northeast Greenland National Park
91%
Pituffik
63%
Qaasuitsup
42%
Sermersooq
42%
Qeqqata
39%
Kujalleq
34%
No matching quizzes found
Score Distribution
Percent of People with Each Score
Percentile by Number Answered
Your Score History
You have not taken this quiz